PUNKTY USŁUGOWE CZYNNE CAŁĄ DOBĘ: - Statystyki

Ogólne statystyki
  • Ten quiz został rozwiązany 62 razy
  • Średni wynik to 2 z 6
Statystyki odpowiedzi
Odpowiedź % Poprawnych
SZPITAL
76%
STACJA BENZYNOWA
70%
APTEKA
65%
DWORZEC
15%
HOTEL
13%
HIPERMARKET
9%
Nie znaleziono quizów pasujących do podanych kryteriów
Rozkład punktacji
Procent ludzi z każdym wynikiem
Percentyl według liczby udzielonych odpowiedzi
Twoja historia wyników
Nie rozwiązałeś tego quizu